[Event "España ch 2012 Veteranos"]
[Site "Mondariz ESP"]
[Date "2012.10.18"]
[Round "9.13"]
[White "Sanz Bastos, Fernando"]
[Black "Iglesias Vidal, Jose Luis"]
[Result "1-0"]
[WhiteElo "2022"]
[BlackElo "1685"]
[PlyCount "75"]
[EventDate "2012.10.10"]
[EventType "swiss"]
[EventRounds "9"]
[EventCountry "ESP"]
[Source "lmi"]
[SourceDate "2012.10.10"]

1. e4 e5 2. Nf3 Nc6 3. Bb5 a6 4. Ba4 Nf6 5. O-O b5 6. Bb3 Be7 7. Re1 O-O 8. a4
Bb7 9. d3 d6 10. c3 Qc8 11. h3 Nd8 12. Nbd2 Ne6 13. Nf1 Re8 14. Ng3 g6 15. d4
exd4 16. cxd4 Bf8 17. Qd3 Bg7 18. axb5 axb5 19. Rxa8 Qxa8 20. Bxe6 fxe6 21.
Qxb5 Re7 22. Qd3 d5 23. e5 Ne4 24. Ng5 Nxg3 25. Qxg3 Qa5 26. Nf3 Rf7 27. Bd2
Rxf3 28. Bxa5 Rxg3 29. fxg3 c6 30. Bb4 Ba6 31. Ra1 Bb5 32. Ra8+ Kf7 33. Ra7+
Kg8 34. Re7 Bh6 35. Kf2 Bg5 36. Rxe6 Kf7 37. Rd6 Be7 38. Rd7 1-0

[Event "España ch 2012 Veteranos"]
[Site "Mondariz ESP"]
[Date "2012.10.18"]
[Round "9.14"]
[White "Fernandez Garcia, Ignacio"]
[Black "Sio Areal, Manuel"]
[Result "1-0"]
[WhiteElo "1793"]
[BlackElo "1415"]
[PlyCount "51"]
[EventDate "2012.10.10"]
[EventType "swiss"]
[EventRounds "9"]
[EventCountry "ESP"]
[Source "lmi"]
[SourceDate "2012.10.10"]

1. e4 c5 2. Nf3 d6 3. Bc4 e6 4. Nc3 Nf6 5. O-O Be7 6. d3 O-O 7. a3 a6 8. Re1 b5
9. Ba2 Bb7 10. Ne2 Nbd7 11. Ng3 h5 12. h4 Ng4 13. Bg5 Re8 14. Nxh5 Nde5 15.
Bxe7 Qxe7 16. Ng5 Rf8 17. f4 f6 18. Nxe6 c4 19. Nxf8 Rxf8 20. fxe5 f5 21. g3
Qxe5 22. c3 fxe4 23. Qxg4 d5 24. d4 Qc7 25. Rf1 Qd8 26. Qxg7# 1-0